History Quiz

Random History or Celebrity Quiz

Kennedy Kids Quiz Stats

 Plays Quiz Updated Apr 11, 2019

Score 0/9 Timer 03:00
3 Plays Today
Born Name % Correct
1917John Fitzgerald Kennedy, Sr.
99.5%
1932Edward Moore Kennedy, Sr.
93.4%
1925Robert Francis Kennedy, Sr.
92.8%
1915Joseph Patrick Kennedy, Jr.
73.3%
1918Rose Marie (Rosemary) Kennedy
64.5%
1921Eunice Kennedy Shriver
53.5%
1924Patricia 'Pat' Kennedy Lawford
38%
1920Kathleen Cavendish, Marchioness of Hartington
32.5%
1928Jean Kennedy Smith
25.8%

You're not logged in!

Compare scores with friends on all Sporcle quizzes.
OR
Log In

Sporcle TV

Today on Sporcle TV


Watch our educational content, quiz creation guides, and fun videos on Sporcle TV.

Show Comments

Extras

Top Quizzes Today


Score Distribution

Your Account Isn't Verified!

In order to create a playlist on Sporcle, you need to verify the email address you used during registration. Go to your Sporcle Settings to finish the process.

Report this User

Report this user for behavior that violates our Community Guidelines.

Details: